| 000 | 01533nam a2200361 i 4500 | ||
|---|---|---|---|
| 001 | 50510 | ||
| 003 | ES-MaACL | ||
| 005 | 20230906162208.0 | ||
| 007 | t| | ||
| 008 | 030805s1958 sp ||||1| spa d | ||
| 245 | 0 | 0 | _aCuando el teléfono es silencio. |
| 260 |
_a[Barcelona] : _bLye, _c[1958] ( _fR. Plana) |
||
| 300 |
_a207 p. ; _c20 cm. |
||
| 500 | _aSelección de novelas galardonadas en el I Certamen Literario de "La hora XXV" | ||
| 505 | 8 | _aContiene: El ala de la infelicidad / José María Osuna Jiménez. Mi primera víctima / Luis Luengo Serrano. Lucía Cappostrano / Luis Urtubey Rebollo. Duelo en el monte / Manuel Palacio Mínguez. Para que recuerde / José Tardón Molina. El miedo / J. Guillermo Barba Camisero. Una dulce canción / Genaro Compán Labán. Erase una vez una pelota / José Goyanes Echegoyen | |
| 700 | 1 |
_aOsuna Jiménez, José María. _987842 |
|
| 700 | 1 |
_aLuengo Serrano, Luis. _974637 |
|
| 700 | 1 |
_aUrtubey, Luis. _9112267 |
|
| 700 | 1 |
_aPalacio Mínguez, Manuel. _988379 |
|
| 700 | 1 |
_aTardón Molina, José. _9109281 |
|
| 700 | 1 |
_aBarba Camisero, J. Guillermo. _925363 |
|
| 700 | 1 |
_aCompán Labán, Genaro. _940031 |
|
| 700 | 1 |
_aGoyanes Echegoyen, José. _959403 |
|
| 740 | 3 | _aEl ala de la infelicidad. | |
| 740 | 0 | _aMi primera víctima. | |
| 740 | 0 | _aLucía Cappostrano. | |
| 740 | 0 | _aDuelo en el monte. | |
| 740 | 0 | _aPara que recuerde. | |
| 740 | 3 | _aEl miedo. | |
| 740 | 4 | _aUna dulce canción. | |
| 740 | 0 | _aErase una vez una pelota. | |
| 852 |
_aES-MaACL _jC-15990 _bR.43663 |
||
| 999 |
_c50510 _d50510 |
||